| 000 | 00505nam a2200157 a 4500 | ||
|---|---|---|---|
| 005 | 20140412111300.0 | ||
| 008 | 010328s19uu xx 00 eng d | ||
| 020 | _a0-590-48801-5 | ||
| 050 |
_aTR(GS 372.13 _bG64 1995 |
||
| 100 | _aGoldish, Meish | ||
| 245 |
_a28 folk and fairy tale poems and songs : _bonce upon a time in rhyme, Grades 1-3 / _cMeish Goldish. |
||
| 260 |
_aJefferson City : _bScholastic Professional Books, _c1995. |
||
| 300 | _a67 p. | ||
| 650 | _aTeachers strategies | ||
| 999 |
_c103366 _d103366 |
||